<?xml version="1.0" encoding="UTF-8"?>
<record
    xmlns:xsi="http://www.w3.org/2001/XMLSchema-instance"
    xsi:schemaLocation="http://www.loc.gov/MARC21/slim http://www.loc.gov/standards/marcxml/schema/MARC21slim.xsd"
    xmlns="http://www.loc.gov/MARC21/slim">

  <leader>00703nam0a22002291  4500</leader>
  <controlfield tag="001">rc\439962</controlfield>
  <controlfield tag="005">20250621084804.0</controlfield>
  <datafield tag="035" ind1=" " ind2=" ">
    <subfield code="a">(NLR Aleph) 005686207</subfield>
  </datafield>
  <datafield tag="090" ind1=" " ind2=" ">
    <subfield code="a">7126911</subfield>
    <subfield code="c">7126911</subfield>
  </datafield>
  <datafield tag="100" ind1=" " ind2=" ">
    <subfield code="a">20030616d1987    |||y0rusy50      ca</subfield>
  </datafield>
  <datafield tag="101" ind1="0" ind2=" ">
    <subfield code="a">rus</subfield>
  </datafield>
  <datafield tag="102" ind1=" " ind2=" ">
    <subfield code="a">RU</subfield>
  </datafield>
  <datafield tag="105" ind1=" " ind2=" ">
    <subfield code="a">a   |||||||||</subfield>
  </datafield>
  <datafield tag="200" ind1="1" ind2=" ">
    <subfield code="a">&#x422;&#x43A;&#x430;&#x446;&#x43A;&#x438;&#x435; &#x43F;&#x435;&#x440;&#x435;&#x43F;&#x43B;&#x435;&#x442;&#x435;&#x43D;&#x438;&#x44F;</subfield>
    <subfield code="f">&#x41F;&#x435;&#x440;. &#x441; &#x43D;&#x43E;&#x440;&#x432;. &#x411;.&#x41F;. &#x41A;&#x43E;&#x43B;&#x442;&#x443;&#x43D;&#x43E;&#x432;&#x430;</subfield>
    <subfield code="g">&#x41F;&#x43E;&#x434; &#x440;&#x435;&#x434;. &#x41D;.&#x424;. &#x421;&#x443;&#x440;&#x43D;&#x438;&#x43D;&#x43E;&#x439;</subfield>
  </datafield>
  <datafield tag="210" ind1=" " ind2=" ">
    <subfield code="a">&#x41C;.</subfield>
    <subfield code="c">&#x41B;&#x435;&#x433;&#x43F;&#x440;&#x43E;&#x43C;&#x431;&#x44B;&#x442;&#x438;&#x437;&#x434;&#x430;&#x442;</subfield>
    <subfield code="d">1987</subfield>
  </datafield>
  <datafield tag="215" ind1=" " ind2=" ">
    <subfield code="a">103 &#x441;.</subfield>
    <subfield code="c">&#x438;&#x43B;.</subfield>
    <subfield code="d">20</subfield>
  </datafield>
  <datafield tag="700" ind1=" " ind2="1">
    <subfield code="a">&#x41B;&#x443;&#x43D;&#x434;-&#x418;&#x432;&#x435;&#x440;&#x441;&#x435;&#x43D;</subfield>
    <subfield code="b">&#x411;.</subfield>
    <subfield code="g">&#x411;&#x435;&#x440;&#x438;&#x442;</subfield>
  </datafield>
  <datafield tag="801" ind1=" " ind2="0">
    <subfield code="a">RU</subfield>
    <subfield code="b">NLR</subfield>
    <subfield code="g">psbo</subfield>
  </datafield>
  <datafield tag="801" ind1=" " ind2="1">
    <subfield code="a">RU</subfield>
    <subfield code="b">ELAR</subfield>
    <subfield code="2">rusmarc</subfield>
  </datafield>
  <datafield tag="852" ind1=" " ind2=" ">
    <subfield code="a">NLR</subfield>
    <subfield code="j">87-3/11506</subfield>
  </datafield>
  <datafield tag="942" ind1=" " ind2=" ">
    <subfield code="c">BOOK</subfield>
  </datafield>
  <datafield tag="980" ind1=" " ind2=" ">
    <subfield code="a">NB</subfield>
  </datafield>
  <datafield tag="995" ind1=" " ind2=" ">
    <subfield code="5">2013-10-26</subfield>
    <subfield code="b">NLR01</subfield>
    <subfield code="c">NLR01</subfield>
    <subfield code="e">RF9</subfield>
    <subfield code="f">5686207-10</subfield>
    <subfield code="k">87-3/11506</subfield>
    <subfield code="o">0</subfield>
    <subfield code="r">BOOK</subfield>
    <subfield code="s">87311506_</subfield>
  </datafield>
  <datafield tag="995" ind1=" " ind2=" ">
    <subfield code="5">2014-03-04</subfield>
    <subfield code="b">NLR01</subfield>
    <subfield code="c">NLR01</subfield>
    <subfield code="e">NZ4</subfield>
    <subfield code="f">1-372659</subfield>
    <subfield code="k">&#x41D;&#x437;  &#x41C;3/&#x41B;-847</subfield>
    <subfield code="o">0</subfield>
    <subfield code="p">0.50</subfield>
    <subfield code="r">BOOK</subfield>
    <subfield code="s">_3847</subfield>
  </datafield>
  <datafield tag="995" ind1=" " ind2=" ">
    <subfield code="5">2014-05-20</subfield>
    <subfield code="a">aa</subfield>
    <subfield code="b">NLR01</subfield>
    <subfield code="c">NLR01</subfield>
    <subfield code="e">OZ4</subfield>
    <subfield code="f">1-521611</subfield>
    <subfield code="k">&#x422;1 &#x41C;3/&#x41B;-847</subfield>
    <subfield code="o">0</subfield>
    <subfield code="p">1065.00</subfield>
    <subfield code="r">BOOK</subfield>
    <subfield code="s">1_3847</subfield>
  </datafield>
</record>
